Élelmiszerbiztonság a hazai fesztiválokon

Bibliographic Details
Main Author: Szeker Zsófia
Other Authors: Lugasi Dr. habil Andrea
Format: Thesis
Kulcsszavak:Élelmiszerbiztonság
Fesztivál
Veszély
Online Access:http://dolgozattar.uni-bge.hu/8474

MARC

LEADER 00000nta a2200000 i 4500
001 dolg8474
005 20170216132715.0
008 161208suuuu hu om 000 hun d
040 |a BGE Dolgozattár Repozitórium  |b hun 
041 |a hu 
100 1 |a Szeker Zsófia 
245 1 0 |a Élelmiszerbiztonság a hazai fesztiválokon  |c Szeker Zsófia  |h [elektronikus dokumentum] 
695 |a Élelmiszerbiztonság 
695 |a Fesztivál 
695 |a Veszély 
700 1 |a Lugasi Dr. habil Andrea  |e ths 
856 4 0 |u http://dolgozattar.uni-bge.hu/8474/1/Szeker%20Zs%C3%B3fia%20-%20%C3%89lelmiszerbiztons%C3%A1g%20a%20hazai%20fesztiv%C3%A1lokon.pdf  |z Dokumentum-elérés